Membres De La Yoshi Squad en Images - Statistiques

Statistiques générales
  • Ce quiz a été pris 11 fois
  • Le résultat moyen est 17 sur 49
Statistiques - réponses
Par images Réponse % Correct
Sonic
100%
Yoshi
89%
Donkey Kong
78%
Hello Kitty
78%
Miles "Tails" Prower
78%
Funky Kong
67%
Gumball Watterson
67%
Banjo & Kazooie
56%
Celebi
56%
Felinferno
56%
Flambino
56%
King K Rool
56%
Ouisticram
56%
Sora
56%
Victini
56%
Belle
44%
Bulle
44%
Phoenix Wright
44%
Rebelle
44%
Wolf O'Donnell
44%
Henry Stickmin
33%
Boyfriend
22%
Carol
22%
Charles Calvin
22%
Ellie Rose
22%
Fang
22%
Garcello
22%
Janet
22%
Lou
22%
Max
22%
Pibby
22%
Pico
22%
Surge
22%
Tikki
22%
Whitty
22%
Agumon
11%
Cosmo
11%
Gus
11%
Jenny Wakeman
11%
Jordan The Stickman
11%
Mina Girl
11%
Nani
11%
Ristar
11%
Sukapon
11%
Tiky The Stickman
11%
Vita Boy
11%
Yang
11%
Yin
11%
Yoshida
11%
Aucun quiz correspondant
Distribution des résultats
% des personnes avec chaque résultat
Percentile par nombre de réponses
Votre historique - résultats
Vous n’avez pas pris ce quiz